Business ethics : a stakeholder and issues management approach.

Bibliographic Details
Main Author: Weiss, Joseph W.
Format: Book
Published: San Francisco: Berrett-Koehler Publishers, 2014.
Edition:6th ed.
Subjects:
LEADER 00500cam a2200157 7i4500
001 0000031688
005 20150511090000.0
020 0 0 |a 9781626561403  
090 0 0 |a B 174.4   |b WEI 
100 1 0 |a Weiss, Joseph W.  
245 1 0 |a Business ethics :   |b a stakeholder and issues management approach. 
250 0 0 |a 6th ed. 
260 0 0 |a San Francisco:   |b Berrett-Koehler Publishers,   |c 2014. 
650 0 0 |a Business ethics  
650 0 0 |a Social responsibility of business  
999 |a B000035117  |b Book  |c Book  |e Business Information Centre